| 000 | 00644nam a22002177a 4500 | ||
|---|---|---|---|
| 999 |
_c6841 _d6841 |
||
| 003 | OSt | ||
| 005 | 20210327105043.0 | ||
| 008 | 210327b ||||| |||| 00| 0 eng d | ||
| 040 | _cDLC | ||
| 082 | _a519 MOS 1961 | ||
| 100 |
_aMosteller, Frederick _914022 |
||
| 245 |
_aProbability and statistics / _cFrederick Mosteller, Robert E.K Rorke, George B. Thomas Jr. |
||
| 260 |
_aMassachusetts _bAddison-Wesley _c1961 |
||
| 300 |
_axiii, 395p; _bill : _c22cm |
||
| 504 | _aIncludes index | ||
| 654 | _2Probability | ||
| 655 | _2Statistics | ||
| 700 |
_aRourke, Robert E. K _914023 |
||
| 700 |
_aThomas Jr. George B _914024 |
||
| 942 |
_2ddc _cO_SHELF |
||